[Event "Match"]
[Site "www.echecsemail.com"]
[Date "2015.10.15"]
[Round "1"]
[White "Huw"]
[Black "Susov"]
[WhiteElo "999"]
[BlackElo "1850"]
[Result "1-0"]
[Round "1"]
1.d4 d5
2.c4 Bc8f5
3.Nb1c3 e6
4.Ng1f3 Bf8b4
5.Qd1a4 Nb8c6
6.cxd5 Bb4xc3
7.bxc3 Qd8xd5
8.Bc1f4 O-O-O
9.e3 Qd5a5
10.Qa4xa5 Nc6xa5
11.Nf3e5 Bf5g6
12.e4 Ng8f6
13.f3 Nf6h5
14.Bf4e3 f6
15.Ne5d3 Na5c4
16.Be3f2 e5
17.d5 a6
18.g4 Nh5f4
19.Nd3xf4 Nc4a3
20.Nf4e6 Rd8d7
21.Ra1c1 Na3b5
22.c4 Nb5d6
23.h4 h6
24.c5 Nd6f7
25.Ne6xg7 Kb8
26.Ng7e6 Nf7d8
27.Ne6xd8 Rd7xd8
28.c6 b5
29.h5 Bg6f7
30.Rc1c3 b4
31.Rc3c5 Ka8
32.Rc5a5 Rd8f8
33.Bf1xa6 { resign }
1-0

[Event "Match"]
[Site "www.echecsemail.com"]
[Date "2015.10.15"]
[Round "1"]
[White "Dmitchell"]
[Black "Andrejs"]
[WhiteElo "1339"]
[BlackElo "1659"]
[Result "0-1"]
[Round "1"]
1.e3 c5
2.Qd1h5 e6
3.Bf1d3 Ng8f6
4.Qh5f3 d5
5.Bd3b5 Nb8c6
6.a4 e5
7.Nb1c3 e4
8.Qf3e2 Bc8g4
9.Bb5xc6 bxc6
10.Qe2a6 Qd8c7
11.h3 Bg4e6
12.Ng1e2 Be6c8
13.Qa6xc8 Ra8xc8
14.a5 Bf8d6
15.a6 O-O
16.b3 Nf6d7
17.Ne2f4 Bd6xf4
18.exf4 Qc7xf4
19.d3 Qf4e5
 { time }
0-1

[Event "Match"]
[Site "www.echecsemail.com"]
[Date "2015.10.15"]
[Round "1"]
[White "Guidom"]
[Black "Mitja"]
[WhiteElo "2170"]
[BlackElo "2000"]
[Result "0-1"]
[Round "1"]
1.e4 d5
2.exd5 Qd8xd5
3.Nb1c3 Qd5d8
4.Bf1c4 e6
5.Ng1f3 c6
6.O-O Ng8f6
7.Rf1e1 Nb8d7
8.d4 Nd7b6
9.Bc4b3 h6
10.Bc1f4 Nf6d5
11.Bb3xd5 Nb6xd5
12.Nc3xd5 Qd8xd5
13.c4 Qd5xc4
14.Nf3e5 Qc4d5
15.Qd1h5 g6
16.Qh5d1 Bf8g7
17.Qd1d3 b6
18.b4 Bc8b7
19.Ne5xg6 c5
20.Qd3g3 Rh8g8
21.Ng6e5 Kf8
22.Qg3h3 Bg7xe5
23.Re1xe5 Rg8xg2
24.Kf1 Bb7a6
25.Re5e2 Rg2g6
26.Bf4xh6 Ke7
27.Qh3h4 Kd7
28.Ke1 Rg6g1
29.Kd2 Rg1xa1
{ resign }
0-1

[Event "Match"]
[Site "www.echecsemail.com"]
[Date "2015.10.15"]
[Round "1"]
[White "Anquiro"]
[Black "Daviko"]
[WhiteElo "1139"]
[BlackElo "1049"]
[Result "0-1"]
[Round "1"]
1.c4 c5
2.Ng1f3 Ng8f6
3.Nb1a3 e5
4.Nf3xe5 Bf8d6
5.f4 Nf6g4
6.e4 Qd8h4
7.Ke2 Ng4f2
8.g3 Qh4h5
9.Ke1 Nf2xd1
10.Ne5d3 Nb8a6
11.e5 Bd6e7
{ resign }
0-1

[Event "Match"]
[Site "www.echecsemail.com"]
[Date "2015.10.15"]
[Round "1"]
[White "Lorenatache"]
[Black "Calponas"]
[WhiteElo "1809"]
[BlackElo "2070"]
[Result "0-1"]
[Round "1"]
1.d4 f5
2.g3 Ng8f6
3.Bf1g2 d5
4.Ng1h3 e6
5.c4 c6
6.Bc1g5 Nb8d7
7.O-O Bf8e7
8.Nb1d2 O-O
 { time }
0-1

[Event "Match"]
[Site "www.echecsemail.com"]
[Date "2015.10.15"]
[Round "1"]
[White "Robinjut"]
[Black "Llcervello"]
[WhiteElo "1580"]
[BlackElo "1660"]
[Result "0-1"]
[Round "1"]
1.e4 e5
2.Ng1f3 Qd8e7
3.h3 h5
4.Bf1d3 g6
5.Nb1c3 g5
6.Nc3d5 Qe7d8
7.O-O c6
8.Nd5e3 b5
9.b3 f6
10.Ne3f5 Ng8h6
11.Nf5xh6 Rh8xh6
12.c4 g4
13.Nf3h4 gxh3
14.g3 d6
15.Nh4f5 Bc8xf5
16.exf5 Qd8d7
17.Qd1f3 Qd7g7
18.Bd3e4 Qg7b7
19.d3 Rh6h7
20.Bc1e3 Bf8h6
21.Be3xh6 Rh7xh6
22.d4 h4
23.g4 bxc4
24.Qf3xh3 cxb3
25.axb3 exd4
26.Qh3f3 h3
27.Ra1c1 d5
28.Be4d3 Qb7xb3
29.Qf3e2 Kd8
30.Rf1e1 Kc7
31.Qe2e7 Nb8d7
32.Qe7e6 c5
33.Rc1b1 Qb3xd3
34.Qe6xd5 Ra8b8
35.Rb1xb8 Nd7xb8
36.Re1e7 Kb6
37.Qd5b7 Ka5
38.Qb7xb8 h2
{ resign }
0-1

[Event "Match"]
[Site "www.echecsemail.com"]
[Date "2015.10.15"]
[Round "1"]
[White "Bojan"]
[Black "Ericleo1980"]
[WhiteElo "1900"]
[BlackElo "2290"]
[Result "1/2-1/2"]
[Round "1"]
1.e4 c5
2.Ng1f3 d6
3.Bf1c4 e6
4.d4 cxd4
5.Nf3xd4 Ng8f6
6.Qd1f3 a6
7.Nb1c3 Qd8c7
8.Bc4b3 b5
9.a3 Ra8a7
10.Bc1e3 Ra7b7
11.a4 b4
12.Nc3e2 Bc8d7
13.Ne2g3 Nb8c6
14.O-O Bf8e7
15.Ra1c1 Nc6a5
16.Ng3h5 O-O
17.Nd4e2 Rf8c8
18.Rf1d1 Nf6xh5
19.Qf3xh5 Be7f6
20.Be3d4 Na5xb3
21.Bd4xf6 gxf6
22.cxb3 Qc7b8
23.Qh5h6 Rc8xc1
24.Rd1xc1 Rb7c7
25.Qh6xf6 Rc7xc1
26.Ne2xc1 Qb8c7
27.Qf6g5 Kf8
28.Qg5d2 a5
29.Nc1e2 Bd7c6
30.f3 Bc6b7
31.Ne2d4 Qc7c5
32.Kf1 Bb7a6
33.Ke1 Qc5h5
34.h3 Qh5c5
35.Nd4e2 Ba6xe2
{ draw }
1/2-1/2

[Event "Match"]
[Site "www.echecsemail.com"]
[Date "2015.10.15"]
[Round "1"]
[White "Calponas"]
[Black "Thonix15"]
[WhiteElo "2030"]
[BlackElo "1809"]
[Result "1-0"]
[Round "1"]
1.e4 d5
2.exd5 Qd8xd5
3.Nb1c3 Qd5d6
4.d4 Ng8f6
5.Ng1f3 a6
6.g3 Bc8g4
7.Bf1g2 Nb8c6
8.Bc1f4 Qd6e6
9.Nc3e2 O-O-O
10.O-O  { time }
1-0

[Event "Match"]
[Site "www.echecsemail.com"]
[Date "2015.10.15"]
[Round "1"]
[White "Lorenatache"]
[Black "Llord"]
[WhiteElo "1809"]
[BlackElo "1850"]
[Result "0-1"]
[Round "1"]
1.d4 e6
2.e4 d5
3.Nb1d2 Bf8b4
4.c3 Bb4a5
5.e5 Ng8e7
6.Bf1d3 O-O
7.Ng1f3 Nb8c6
8.O-O Ne7g6
9.g3 Nc6e7
10.Rf1e1 Ne7f5
 { time }
0-1

[Event "1/64 Finale"]
[Site "www.chess-mail.com"]
[Date "2015.10.15"]
[Round "1"]
[White "Odin"]
[Black "Norlavuaram"]
[WhiteElo "1870"]
[BlackElo "2100"]
[Result "0-1"]
[Round "1"]
1.c4 Ng8f6
2.d4 g6
3.Ng1f3 Bf8g7
4.e3 O-O
5.Bf1d3 d5
6.Nb1d2 dxc4
7.Bd3xc4 Nb8d7
8.Nf3g5 Nd7b6
9.Bc4b3 h6
10.Ng5f3 c6
11.O-O Bc8g4
12.h3 Bg4f5
13.Rf1e1 Nf6e4
14.Nf3h4 e6
15.Nd2f3 g5
16.Nh4xf5 exf5
17.Nf3e5 Qd8c7
18.Qd1h5 Ne4f6
19.Qh5g6 Nb6d5
20.Qg6xf5 Ra8d8
21.e4 Nd5e7
22.Qf5f3 Rd8xd4
23.Ne5g4 Nf6xg4
24.Qf3xg4 Ne7g6
25.Qg4f5 Ng6h4
26.Qf5g4 Qc7a5
27.Bc1e3 Rd4d8
28.g3 Nh4g6
29.h4 Ng6e5
30.Qg4f5 Rd8d6
31.hxg5 hxg5
32.Be3xg5 Qa5c7
33.Kg2 Qc7d7
34.Qf5h3 Qd7xh3
35.Kxh3 Ne5f3
36.e5 Nf3xg5
37.Kg4 Rd6g6
38.Kh5 Ng5h7
39.e6 Nh7f6
40.Kh4 Nf6d5
41.Bb3xd5 cxd5
42.exf7 Kxf7
43.Ra1c1 Rf8h8
{ resign }
0-1

[Event "1/128 Finale"]
[Site "www.chess-mail.com"]
[Date "2015.10.15"]
[Round "1"]
[White "Osmundw"]
[Black "Iulia92"]
[WhiteElo "1299"]
[BlackElo "1809"]
[Result "1-0"]
[Round "1"]
1.d4 Ng8f6
2.e4 Nf6xe4
3.f3 Ne4f6
4.Bf1d3 g6
5.Nb1c3 Bf8g7
6.Bc1e3 O-O
7.Qd1e2 d5
8.Bd3b5 c6
9.Bb5a4 Bc8f5
10.g4 Bf5c8
11.g5 Nf6d7
12.f4 Nd7b6
13.Ba4b3  { time }
1-0

[Event "1/128 Finale"]
[Site "www.chess-mail.com"]
[Date "2015.10.15"]
[Round "1"]
[White "Panham"]
[Black "Tendoi"]
[WhiteElo "2140"]
[BlackElo "1329"]
[Result "1-0"]
[Round "1"]
1.e4 c5
2.Ng1f3 d6
3.Bf1b5 Bc8d7
4.Bb5xd7 Nb8xd7
5.O-O Ng8f6
6.d3 g6
7.Bc1e3 Bf8g7
8.Nb1c3  { time }
1-0

[Event "Fast Game"]
[Site "www.echecsemail.com"]
[Date "2015.10.15"]
[Round "1"]
[White "Jjmcbride"]
[Black "Raven16"]
[WhiteElo "1599"]
[BlackElo "1599"]
[Result "0-1"]
[Round "1"]
1.d4 Ng8f6
2.f3 d5
3.b4 Bc8f5
4.Bc1g5 e6
5.g4 Bf5g6
6.b5 Bf8e7
7.e3 Nf6d7
8.Ng1h3 Be7xg5
9.Nh3xg5 Qd8xg5
10.Qd1e2 { time. }
0-1

[Event "Tourn. n8378"]
[Site "www.chess-mail.com"]
[Date "2015.10.16"]
[Round "1"]
[White "Alvarin111"]
[Black "Louis"]
[WhiteElo "1880"]
[BlackElo "1870"]
[Result "1-0"]
[Round "1"]
1.e4 d5
2.exd5 Qd8xd5
3.Nb1c3 Qd5a5
4.Qd1f3 Ng8f6
5.h3 a6
6.Bf1c4 Nb8c6
7.Ng1e2 Nc6e5
8.Qf3f4 Ne5xc4
9.Qf4xc4 e5
10.O-O Bf8e7
11.d4 O-O
12.Bc1d2 Bc8e6
13.Qc4a4 Qa5xa4
14.Nc3xa4 exd4
15.Ne2xd4 Rf8d8
16.c3 Nf6d5
17.Nd4xe6 fxe6
18.b4 Nd5xb4
19.cxb4 Rd8xd2
20.a3 b5
21.Na4c3 Rd2d3
22.Nc3e4 { resign }
1-0

[Event "Tourn. n8432"]
[Site "www.chess-mail.com"]
[Date "2015.10.16"]
[Round "1"]
[White "Goosebumps"]
[Black "Azulmarino"]
[WhiteElo "1699"]
[BlackElo "1740"]
[Result "1-0"]
[Round "1"]
1.e4 e5
2.Ng1f3 d6
3.Bf1c4 h6
4.Nb1c3 a6
5.O-O Bc8g4
6.Nf3xe5 Bg4xd1
7.Bc4xf7 Ke7
8.Nc3d5 
1-0

[Event "Tourn. n8397"]
[Site "www.chess-mail.com"]
[Date "2015.10.16"]
[Round "1"]
[White "Cristiano"]
[Black "Louis"]
[WhiteElo "2010"]
[BlackElo "1870"]
[Result "1-0"]
[Round "1"]
1.e4 c6
2.d4 d5
3.exd5 cxd5
4.c4 Ng8f6
5.Nb1c3 e6
6.Ng1f3 Bf8b4
7.Bc1g5 Qd8a5
8.Qd1c2 Nf6e4
9.Bg5d2 Ne4xd2
10.Nf3xd2 Nb8c6
11.Nd2f3 O-O
12.a3 Bb4xc3
13.bxc3 e5
14.dxe5 Rf8e8
15.Bf1e2 Bc8f5
16.Qc2b2 b6
17.cxd5 Nc6xe5
18.O-O Qa5xd5
19.Ra1d1 Qd5c5
20.Nf3xe5 Re8xe5
21.Rd1d2 Ra8e8
22.Rf1e1 Bf5g4
23.Kf1 { resign }
1-0

[Event "Tourn. n8358"]
[Site "www.chess-mail.com"]
[Date "2015.10.16"]
[Round "1"]
[White "Llcervello"]
[Black "Jhw"]
[WhiteElo "1660"]
[BlackElo "1900"]
[Result "0-1"]
[Round "1"]
1.e4 c5
2.c4 e5
3.d3 h5
4.g3 g5
5.Ng1f3 f6
6.h4 g4
7.Nf3d2 Nb8c6
8.Nd2b3 a5
9.a4 Nc6b4
10.Bc1e3 Qd8c7
11.f4 Bf8h6
12.Be3xc5 exf4
13.Bc5xb4 axb4
14.Rh1g1 fxg3
15.a5 Bh6e3
16.Rg1g2 Qc7f4
17.Qd1e2 d6
18.Ra1a4 Ng8e7
19.Ra4xb4 Ne7c6
20.Rb4b5 O-O
21.Rb5xh5 Nc6d4
22.Nb3xd4 Be3xd4
23.Nb1c3 Ra8xa5
24.Nc3d5 Ra5a1
25.Qe2d1 Ra1xd1
26.Kxd1 Qf4xf1
27.Kc2 Qf1xg2
28.Kb3 Qg2xb2
29.Ka4 Bc8d7
{ resign }
0-1

[Event "Tourn. n8383"]
[Site "www.chess-mail.com"]
[Date "2015.10.16"]
[Round "1"]
[White "Jhw"]
[Black "Culiflori"]
[WhiteElo "1920"]
[BlackElo "1990"]
[Result "0-1"]
[Round "1"]
1.e4 e5
2.Ng1f3 Nb8c6
3.Bf1c4 Bf8c5
4.c3 Ng8f6
5.d3 h6
6.b4 Bc5b6
7.b5 Nc6a5
8.Bc4xf7 Kxf7
9.Nf3xe5 Kg8
10.Ne5g6 Rh8h7
11.Qd1f3 d6
12.O-O Bc8e6
13.Bc1f4 Be6f7
14.Ng6h4 g5
15.Qf3g3 Nf6h5
16.Qg3g4 Nh5xf4
17.g3 Bf7h5
18.Qg4f5 Rh7f7
19.gxf4 Rf7xf5
20.Nh4xf5 Kh7
21.Nb1d2 Bh5e2
22.Rf1e1 Be2xd3
23.fxg5 Qd8xg5
{ resign }
0-1

[Event "Tourn. n8404"]
[Site "www.chess-mail.com"]
[Date "2015.10.16"]
[Round "1"]
[White "Terrible"]
[Black "Scasan55"]
[WhiteElo "2270"]
[BlackElo "2060"]
[Result "1-0"]
[Round "1"]
1.d4 Ng8f6
2.Ng1f3 e6
3.c4 d5
4.Bc1g5 Bf8e7
5.e3 c5
6.cxd5 Nf6xd5
7.Bg5xe7 Qd8xe7
8.Nb1c3 Nd5xc3
9.bxc3 cxd4
10.cxd4 O-O
11.Bf1d3 Qe7b4
12.Qd1d2 Qb4xd2
13.Kxd2 b6
14.Bd3e4 Bc8a6
15.Be4xa8 Nb8d7
16.Ba8e4 Rf8d8
17.Rh1c1 Nd7f6
18.Be4d3 Ba6b7
19.Rc1c7 Bb7xf3
20.gxf3 a5
21.Ra1c1 Nf6d5
22.Rc7c8 Rd8f8
23.Rc8xf8 Kxf8
24.Rc1c6 Nd5b4
25.Rc6xb6 Nb4d5
26.Rb6a6 g6
27.Ra6xa5 Ke7
28.a4 h5
29.Ra5c5 Nd5b4
30.a5 Kd6
31.a6 Nb4c6
32.Bd3e4 { resign }
1-0

[Event "Tourn. n8411"]
[Site "www.chess-mail.com"]
[Date "2015.10.16"]
[Round "1"]
[White "Derfel83"]
[Black "Attatroll"]
[WhiteElo "1980"]
[BlackElo "1940"]
[Result "1-0"]
[Round "1"]
1.c4 f5
2.b3 Ng8f6
3.Nb1c3 g6
4.Bc1b2 Bf8g7
5.Ng1f3 O-O
6.e3 d6
7.d4 c6
8.Bf1e2 h6
9.O-O Nb8d7
10.d5 c5
11.Nf3h4 Kh7
12.Qd1c2 Nd7e5
13.e4 Nf6xe4
14.Nc3xe4 fxe4
15.Qc2xe4 Qd8e8
16.f4 Bc8f5
17.Nh4xf5 gxf5
18.Qe4c2 Ne5d7
19.Bb2xg7 Kxg7
20.a4 Qe8g6
21.Rf1f3 Nd7f6
22.Rf3g3 Nf6g4
23.h3 h5
24.hxg4 hxg4
25.Ra1e1 Rf8h8
26.Be2d3 Rh8h5
27.Re1xe7 Kf8
28.Re7e6 Qg6h7
29.Qc2e2 Rh5h1
30.Kf2 Qh7h4
31.Bd3xf5 { resign }
1-0

[Event "Tourn. n8412"]
[Site "www.chess-mail.com"]
[Date "2015.10.16"]
[Round "1"]
[White "Gegonz"]
[Black "Cardiff"]
[WhiteElo "1770"]
[BlackElo "1780"]
[Result "0-1"]
[Round "1"]
1.Ng1f3 f5
2.d4 Ng8f6
3.e3 e6
4.c4 Bf8b4
5.Nb1d2 O-O
6.Bf1d3 b6
7.O-O Bc8b7
 { time }
0-1

[Event "Tourn. n8357"]
[Site "www.chess-mail.com"]
[Date "2015.10.16"]
[Round "1"]
[White "Bojan"]
[Black "Gegonz"]
[WhiteElo "1920"]
[BlackElo "1910"]
[Result "1-0"]
[Round "1"]
1.e4 e6
2.d4 d6
3.d5 exd5
4.exd5 Ng8f6
5.c4 Bf8e7
6.Bf1d3 O-O
7.h3 Nb8d7
8.Ng1f3 Nd7c5
9.Bd3c2 Bc8d7
10.Nb1c3 c6
11.dxc6 Bd7xc6
12.O-O d5
13.Rf1e1 Rf8e8
14.Nf3e5 d4
15.Ne5xc6 bxc6
16.Nc3e4 d3
17.Ne4xc5 dxc2
18.Qd1xd8 Ra8xd8
19.Bc1e3 Be7xc5
20.Re1c1 Bc5xe3
21.fxe3 Rd8d1
22.Rc1xd1 cxd1Q
23.Ra1xd1 Re8xe3
24.Kf2 Re3e8
25.Kf3 h5
26.b3 g5
27.Rd1d6 Re8e6
28.Rd6d8 Kg7
29.Rd8a8 g4
30.hxg4 hxg4
31.Kf2 Re6e7
32.Ra8c8 Nf6e4
33.Kf1 c5
34.Rc8c6 f5
35.a3 Ne4d2
36.Kf2 Nd2xb3
37.Kg3 a5
38.Kf4 Nb3d4
39.Rc6a6 Re7e4
40.Kg5 Nd4b3
41.Ra6b6 a4
42.Rb6b7 Kf8
43.Kf6 f4
44.Rb7a7  { time }
1-0

[Event "Tourn. n8366"]
[Site "www.chess-mail.com"]
[Date "2015.10.16"]
[Round "1"]
[White "Comrade"]
[Black "Hundegana"]
[WhiteElo "2100"]
[BlackElo "1980"]
[Result "1-0"]
[Round "1"]
1.c4 e5
2.Nb1c3 f5
3.e4 d6
4.d3 f4
5.d4 Bf8e7
6.Ng1f3 Nb8d7
7.g3 g5
8.dxe5 Nd7xe5
9.gxf4 Ne5xf3
10.Qd1xf3 g4
11.Qf3g3 h5
12.f5 a6
13.h4 c6
14.Bc1e3 Be7f6
15.Ra1d1 d5
16.cxd5 Qd8e7
17.Be3g5 Bf6xg5
18.hxg5 Kf8
19.f6 Qe7f7
20.Qg3d6 Ke8
21.Bf1c4 Qf7d7
22.Qd6e5 Kf8
23.dxc6 Qd7e8
24.Qe5d6 Ng8e7
25.fxe7 Qe8xe7
26.Qd6d8 Qe7xd8
27.Rd1xd8 Kg7
28.Rd8xh8 Kxh8
29.Rh1xh5 Kg7
30.c7 Kg6
31.Rh5h8 Kxg5
32.Bc4e6 Bc8xe6
33.Rh8xa8 Kf4
34.c8Q Be6xc8
35.Ra8xc8 b5
36.Rc8f8 Ke5
37.Rf8f5 Kd4
38.Rf5d5 Kc4
39.Kd2 b4
40.b3 
1-0

[Event "Tourn. n8430"]
[Site "www.chess-mail.com"]
[Date "2015.10.16"]
[Round "1"]
[White "Francesco"]
[Black "Bojan"]
[WhiteElo "1980"]
[BlackElo "2040"]
[Result "0-1"]
[Round "1"]
1.e4 e5
2.Ng1f3 Nb8c6
3.Bf1b5 d6
4.d4 Bc8g4
5.d5 a6
6.Bb5xc6 bxc6
7.dxc6 Ra8b8
8.O-O Qd8f6
9.Nb1d2 Ng8e7
10.h3 Bg4h5
11.b3 Ne7xc6
12.Bc1b2 Bf8e7
13.c4 Nc6d4
14.Bb2xd4 exd4
15.Rf1e1 c5
16.e5 dxe5
17.Nd2e4 Qf6f4
18.g4 Bh5g6
19.Ne4g3 O-O
20.Nf3xe5 Be7h4
21.Ne5d7 Bh4xg3
22.fxg3 Qf4xg3
23.Kh1 Qg3xh3
{ resign }
0-1

[Event "Tourn. n8404"]
[Site "www.chess-mail.com"]
[Date "2015.10.16"]
[Round "1"]
[White "Norlavuaram"]
[Black "Amaya"]
[WhiteElo "2130"]
[BlackElo "2020"]
[Result "1-0"]
[Round "1"]
1.e4 e6
2.d4 d5
3.Nb1d2 c5
4.exd5 exd5
5.dxc5 Bf8xc5
6.Bf1b5 Nb8c6
7.Ng1f3 Ng8e7
8.O-O O-O
9.Nd2b3 Bc5b6
10.Bc1g5 Qd8d6
11.Rf1e1 Bc8g4
12.Qd1d3 Bg4f5
13.Qd3e2 Ne7g6
14.Bb5xc6 Qd6xc6
15.Nf3d4 Bb6xd4
16.Nb3xd4 Qc6d7
17.Nd4xf5 Qd7xf5
18.Bg5e3 Rf8e8
19.Qe2d3 Qf5xd3
20.cxd3 b6
21.h3 Ng6e5
22.d4 Ne5c4
23.b3 Nc4xe3
24.fxe3 Re8e4
25.Kf2 Ra8e8
26.Ra1c1 h6
27.Rc1c7 Re8e7
28.Rc7xe7 Re4xe7
29.Re1c1 Kh7
30.Rc1c8 Kg6
31.Rc8d8 Re7e6
32.Rd8xd5 Re6f6
33.Ke2 Rf6c6
34.a4 a5
35.Rd5b5 Kf6
36.Kd3 g6
37.e4 Ke7
38.d5 Rc6d6
39.e5 Rd6d7
40.Kd4 Rd7b7
41.b4 { resign }
1-0

[Event "Tourn. n8320"]
[Site "www.chess-mail.com"]
[Date "2015.10.16"]
[Round "1"]
[White "Krystek23"]
[Black "Squimichele"]
[WhiteElo "2330"]
[BlackElo "2460"]
[Result "0-1"]
[Round "1"]
1.c4 Ng8f6
2.Nb1c3 e5
3.g3 Bf8b4
4.Bf1g2 O-O
5.Nc3d5 Nf6xd5
6.cxd5 d6
7.e3 Bc8f5
8.Ng1e2 Nb8d7
9.a3 Bb4a5
10.b4 Ba5b6
11.h3 a5
12.Bc1b2 Nd7f6
13.Ne2c3 Bf5d3
14.Bg2f1 Bd3g6
15.d3 Qd8d7
16.Bf1g2 Qd7f5
17.Bg2e4 Nf6xe4
18.Nc3xe4 f6
19.Ra1c1 axb4
20.axb4 Bg6f7
21.Ne4c3 c6
22.dxc6 bxc6
23.Rc1a1 Ra8xa1
24.Bb2xa1 Rf8a8
25.Ba1b2 Qf5d7
26.Qd1c2 d5
27.Nc3a4 Bb6a7
28.Bb2c1 Bf7g6
29.g4 Qd7b7
30.Qc2d2 Ba7xe3
31.fxe3 Ra8xa4
32.d4 exd4
33.exd4 Ra4xb4
34.O-O Rb4b3
35.Qd2f4 Qb7e7
36.Bc1d2 Bg6e4
37.Rf1a1 Qe7b7
38.Ra1e1 Rb3xh3
39.Kf2 Qb7b2
40.Kg1 Qb2xd4
41.Bd2e3 Qd4b2
{ resign }
0-1

[Event "Tourn. n8406"]
[Site "www.chess-mail.com"]
[Date "2015.10.16"]
[Round "1"]
[White "Mitja"]
[Black "Ruko"]
[WhiteElo "1960"]
[BlackElo "1940"]
[Result "0-1"]
[Round "1"]
1.d4 Ng8f6
2.e3 d5
3.h3 e6
4.Ng1f3 c5
5.dxc5 Bf8xc5
6.c3 Nb8c6
7.Nb1d2 Qd8c7
8.Nd2b3 Bc5d6
9.Bf1e2 O-O
10.Be2d3 e5
11.Bd3c2 Rf8e8
12.O-O Bc8d7
13.Rf1e1 Ra8c8
14.Nf3h2 e4
15.Nh2f1 Nc6e5
16.Nb3d4 b5
17.a3 a5
18.Bc1d2 Ne5c4
19.Bd2c1 h6
20.Nd4e2 Rc8b8
21.b3 Nc4b6
22.Bc1b2 Bd6e5
23.Ne2d4 Re8c8
24.Qd1d2 b4
25.axb4 axb4
26.cxb4 Be5xd4
27.Bb2xd4 Qc7xc2
28.Qd2xc2 Rc8xc2
29.Ra1a6 Nb6c8
30.Re1a1 Rc2c6
31.Ra6a5 Rb8xb4
32.Bd4xf6 gxf6
33.Ra5xd5 Bd7e6
34.Rd5d8 Kg7
35.Nf1g3 f5
36.Ng3h5 Kg6
37.Nh5f4 Kf6
38.Ra1a8 Nc8e7
39.Rd8e8 Ne7g6
40.Nf4h5 Kg5
41.Nh5g3 Rb4xb3
42.Ng3e2 Rb3b1
43.Kh2 Rb1f1
44.Ne2d4 Rc6b6
45.Kg3 h5
46.f4 Kf6
47.Nd4xe6 Rb6xe6
48.Re8d8 h4
49.Kh2 Rf1e1
50.Ra8a3 Re6c6
51.Rd8d2 Rc6c1
52.g3 Re1h1
53.Kg2 Rh1g1
54.Kh2 hxg3

0-1

[Event "Tourn. n8374"]
[Site "www.chess-mail.com"]
[Date "2015.10.16"]
[Round "1"]
[White "Jhw"]
[Black "Culiflori"]
[WhiteElo "1900"]
[BlackElo "1970"]
[Result "0-1"]
[Round "1"]
1.Ng1f3 d5
2.c4 e6
3.Nb1c3 Ng8f6
4.e3 c5
5.Nf3e5 Bf8d6
6.f4 Nb8d7
7.Ne5xd7 Bc8xd7
8.h3 O-O
9.g4 d4
10.g5 dxc3
11.bxc3 Nf6e4
12.Bf1g2 Bd7c6
13.Rh1g1 Bd6c7
14.d3 Ne4d6
15.Bg2xc6 bxc6
16.a4 Qd8e7
17.h4 f6
18.Qd1g4 fxg5
19.hxg5 Qe7f7
20.Ra1a2 Qf7f5
21.Qg4h4 Qf5xd3
22.Ra2g2 Nd6f5
23.Qh4h5 g6
24.Qh5h3 Bc7a5
25.Kf2 Ba5xc3
26.Rg1h1 Rf8f7
27.Rg2h2 e5
28.Qh3xh7 Rf7xh7
29.Rh2xh7 exf4
30.Rh7c7 fxe3
{ resign }
0-1

[Event "Tourn. n8402"]
[Site "www.chess-mail.com"]
[Date "2015.10.16"]
[Round "1"]
[White "Gatrooper"]
[Black "Silent1"]
[WhiteElo "1610"]
[BlackElo "1830"]
[Result "1/2-1/2"]
[Round "1"]
1.e4 e5
2.a3 d6
3.h3 Bf8e7
4.Nb1c3 Ng8f6
5.Ng1f3 O-O
6.d3 Nb8c6
7.Bc1d2 Nc6d4
8.Nf3xd4 exd4
9.Nc3d5 Nf6xd5
10.exd5 Be7f6
11.Bf1e2 Bf6g5
12.Bd2xg5 Qd8xg5
13.Be2f3 Rf8e8
14.Bf3e2 Qg5xg2
15.Kd2 Qg2g5
16.Ke1 Qg5g2
17.Rh1f1 Bc8xh3
18.Kd2 Qg2g5
19.f4 Qg5h4
20.Rf1h1 Qh4xf4
21.Ke1 Qf4g3
22.Kd2 Qg3e3
23.Ke1 Bh3g2
{ draw }
1/2-1/2

[Event "Tourn. n8325"]
[Site "www.chess-mail.com"]
[Date "2015.10.16"]
[Round "1"]
[White "Rons"]
[Black "Nimzo"]
[WhiteElo "2540"]
[BlackElo "2770"]
[Result "0-1"]
[Round "1"]
1.e4 e6
2.d4 d5
3.Nb1c3 Ng8f6
4.Bc1g5 dxe4
5.Nc3xe4 Bf8e7
6.Bg5xf6 gxf6
7.Ng1f3 f5
8.Ne4c3 a6
9.Qd1e2 b5
10.O-O-O b4
11.Nc3a4 Qd8d5
12.c4 Qd5a5
13.b3 Bc8d7
14.Na4c5 Be7xc5
15.dxc5 Qa5xc5
16.Nf3e5 a5
17.f4 Ra8a6
18.Qe2h5 Rh8f8
19.Qh5g5 Ra6d6
20.Bf1d3 a4
21.Ne5g4 Qc5d4
22.Bd3xf5 Qd4a1
23.Bf5b1 f5
24.Qg5h5 Kd8
25.Qh5h6 Rf8g8
26.Qh6f6 Qa1xf6
27.Ng4xf6 Rg8xg2
28.Rd1g1 Rd6d2
29.Nf6xh7 Ke7
30.Nh7g5 Nb8c6
31.Ng5f3 Rg2xg1
32.Rh1xg1 Rd2f2
33.Rg1g7 Kd8
34.Rg7g3 Rf2f1
35.Kb2 a3
36.Ka1 Bd7e8
37.Nf3g5 Nc6d4
38.Rg3d3 e5
39.Rd3d2 Ke7
40.Ng5h3 Be8h5
41.Nh3f2 Nd4e2
{ resign }
0-1

[Event "Tourn. n8372"]
[Site "www.chess-mail.com"]
[Date "2015.10.16"]
[Round "1"]
[White "Falcoale"]
[Black "Attatroll"]
[WhiteElo "1940"]
[BlackElo "1940"]
[Result "1-0"]
[Round "1"]
1.e4 c5
2.Ng1f3 Nb8c6
3.c3 e5
4.Bf1d3 Ng8f6
5.O-O Bf8e7
6.Rf1e1 O-O
7.Bd3c2 Qd8c7
8.d3 d5
9.Nb1d2 Bc8g4
10.h3 Bg4h5
11.Nd2f1 d4
12.Nf1g3 Bh5g6
13.cxd4 cxd4
14.a3 Ra8c8
15.Bc1d2 Rf8d8
16.Bc2b3 Kf8
17.Nf3h2 h5
18.Re1f1 Qc7d6
19.f4 exf4
20.Bd2xf4 Qd6d7
21.e5 Nf6d5
22.Ng3xh5 Nd5xf4
23.Nh5xf4 Nc6xe5
24.Nf4xg6 Ne5xg6
25.Bb3xf7 Be7f6
26.Bf7xg6 Rc8c5
27.Nh2g4 Rc5g5
28.Bg6e4 Kg8
29.Rf1xf6 Rg5xg4
30.Rf6f2 Rg4g3
31.Qd1h5 g6
32.Be4xg6 Qd7g7
33.Bg6e4 Rd8c8
34.Qh5d5 Kh8
35.Rf2f7 Qg7h6
36.Qd5e5 Kg8
37.Be4d5 Qh6xh3
38.Rf7g7 { resign }
1-0

[Event "Tourn. n8386"]
[Site "www.chess-mail.com"]
[Date "2015.10.16"]
[Round "1"]
[White "Raulazo"]
[Black "Bojan"]
[WhiteElo "1830"]
[BlackElo "1910"]
[Result "0-1"]
[Round "1"]
1.e4 e5
2.Ng1f3 Nb8c6
3.Bf1b5 d6
4.d3 Bc8d7
5.Nf3g5 Qd8f6
6.Bb5c4 Ng8h6
7.O-O Nc6a5
8.Qd1e1 Na5xc4
9.dxc4 b6
10.f4 exf4
11.Bc1xf4 Qf6xb2
12.Nb1d2 Bf8e7
13.e5 O-O-O
14.exd6 Be7xd6
15.Bf4xd6 Qb2d4
16.Kh1 Qd4xd6
17.Nd2e4 Qd6c6
18.Qe1c3 f6
19.Ng5f3 Qc6xe4
20.Ra1e1 Qe4g6
21.Nf3h4 Qg6f7
22.c5 Kb7
23.Qc3f3 Bd7c6
24.Qf3f2 Qf7xa2
25.Re1b1 Qa2c4
26.h3 Rd8d5
27.cxb6 axb6
28.Nh4f3 Rh8d8
29.Rb1b2 Rd5d6
30.Rf1b1 Bc6d5
31.Nf3d2 Qc4c3
32.Nd2b3 Bd5xb3
33.Rb2xb3 Rd6d1
34.Kh2 Qc3e5
35.Qf2g3 Qe5xg3
36.Kxg3 Rd1d2
37.c4 Rd2c2
38.Rb3b4 Rd8d4
39.Rb1a1 Rc2xc4
40.Rb4b3 Nh6f5
41.Kh2 Rc4a4
42.Ra1b1 Nf5d6
43.Rb3g3 g6
44.Rg3e3 Nd6e4
45.Rb1e1 f5
46.Re3f3 b5
47.Rf3b3 b4
48.Rb3e3 c5
49.g4 Ra4a2
50.Kg1 c4
51.Re1b1 b3
52.gxf5 gxf5
53.Re3e1 Rd4d2
54.Re1c1 Ne4g3
55.Rc1xc4 Rd2g2

0-1

[Event "Match"]
[Site "www.echecsemail.com"]
[Date "2015.10.16"]
[Round "1"]
[White "Irene"]
[Black "Coraza"]
[WhiteElo "1970"]
[BlackElo "1789"]
[Result "1-0"]
[Round "1"]
1.d4 d5
2.Nb1c3 Ng8f6
3.Qd1d3 g6
4.g3 Bf8g7
5.e3 O-O
6.Ng1f3 Bc8g4
7.Bf1g2 Qd8d7
8.Nf3e5 Qd7e6
9.Ne5xg4 Nf6xg4
10.Qd3b5 c6
11.Qb5xb7 Nb8d7
12.Bg2h3 Rf8b8
13.Bh3xg4 f5
14.Bg4xf5 Qe6xf5
15.Qb7xc6 Rb8c8
16.Qc6xd5 Qf5xd5
17.Nc3xd5 Bg7f6
18.c3 e6
19.Nd5xf6 Nd7xf6
20.f3 a5
21.a4 Rc8f8
22.Ke2 Ra8e8
23.b4 axb4
24.cxb4 Nf6d5
25.b5 e5
26.Bc1a3 Rf8f7
27.Ba3c5 exd4
28.Bc5xd4 Rf7e7
29.Ra1a3 Nd5b4
30.Bd4c5 Re7c7
31.Bc5xb4 Rc7c2
32.Bb4d2 Re8d8
33.Ra3d3 Rd8a8
34.Rh1a1 Rc2c5
35.Bd2c3 Rc5h5
36.h4 Rh5f5
37.b6 Rf5f7
38.a5 Rf7b7
39.Bc3d4 h5
40.a6 Rb7f7
41.b7 Ra8f8
42.a7 Rf7xb7
43.a8Q Rb7b2
44.Rd3d2 Rb2b8
45.Qa8d5 Kh7
46.Ra1a7 { resign }
1-0

[Event "Match"]
[Site "www.echecsemail.com"]
[Date "2015.10.16"]
[Round "1"]
[White "Rindrandria"]
[Black "Ranjachess"]
[WhiteElo "1510"]
[BlackElo "1780"]
[Result "1-0"]
[Round "1"]
1.e4 e5
2.c3 d6
3.g4 Nb8c6
4.Ng1h3 d5
5.Bf1g2 Bc8e6
6.Qd1b3 dxe4
7.Qb3xb7 Be6c4
8.Qb7xc6 Ke7
9.Qc6xc4 Ng8f6
10.Nh3g5 Qd8d5
11.Qc4xc7 Ke8
12.c4 Bf8d6
13.cxd5 Bd6xc7
14.Bg2xe4 Nf6xe4
15.Ng5xe4 h5
16.g5 f5
17.Ne4c5 a5
18.Nc5e6 Kd7
19.Ne6xg7 f4
20.Ng7e6 Rh8g8
21.b3 e4
22.Ne6c5 Ke7
23.Nc5xe4 Bc7e5
24.Bc1a3 Kf7
25.Nb1c3 Ra8d8
26.O-O-O Kg6
27.d4 Be5c7
28.Ba3e7 Rd8d7
29.d6 Bc7d8
30.Ne4f6 Bd8xe7
31.dxe7 Rd7xe7
32.Nf6xg8 Re7c7
33.Kc2 Kxg5
34.Rh1g1 Kh4
35.Rd1d3 Rc7f7
36.Nc3d5 f3
37.Nd5f6 Kh3
38.Rd3xf3 Kxh2
39.Rf3g3 h4
40.Rg3g6 h3
41.Rg1e1 Rf7a7
42.Nf6h5 Ra7h7
43.Nh5f4 Rh7h4
44.Rg6g2 hxg2
45.Nf4e2 Rh4e4
46.Kd3 Re4e8
47.Ng8f6 Re8f8
48.Nf6h5 Rf8xf2
49.Ke3 Rf2f1
50.Kd2 Kh3
51.Nh5g3 Rf1f3
52.Ne2g1 Kxg3
53.Ng1xf3 Kxf3
54.d5 Kf2
55.Re1e2 Kf1
56.Re2xg2 Kxg2
57.d6 Kf3
58.d7 Ke4
59.d8Q Ke5
60.Qd8xa5 Kd4
61.Qa5c3 Ke4
62.Qc3d3 Ke5
63.Ke3 { resign }
1-0